000 00285nam a22001337a 4500
008 170623b xxu||||| |||| 00| 0 eng d
020 _a9780393320275
041 _aeng
080 _a93
100 _a21
101 _aSHH
245 _aEMBRACING DEFEAT
_cDOWER, J.W
942 _2udc
_cBK
999 _c19048
_d19048